[Event "29th Czech Rapid G1 2018"]
[Site "Pardubice CZE"]
[Date "2018.07.19"]
[Round "4.8"]
[White "Geller, Jakov"]
[Black "Kobo, Ori"]
[Result "1-0"]
[WhiteTitle "GM"]
[BlackTitle "GM"]
[WhiteElo "2518"]
[BlackElo "2508"]
[WhiteFideId "4151984"]
[BlackFideId "2812320"]
[EventDate "2018.07.18"]

1. e4 g6 2. d4 Bg7 3. Nc3 d6 4. Be3 a6 5. Qd2 b5 6. O-O-O Bb7 7. f3 Nd7 8. h4 h6
9. Nh3 Ngf6 10. g4 Nb6 11. d5 h5 12. g5 Nfd7 13. Bd4 Bxd4 14. Qxd4 O-O 15. f4 e5
16. fxe5 Nxe5 17. Nf4 Qe7 18. Be2 Bc8 19. Bxh5 gxh5 20. Nxh5 Nbd7 21. Rhg1 Kh7
22. Ne2 Rg8 23. Rdf1 Bb7 24. Neg3 Raf8 25. Nf5 Qd8 26. Qd1 Rg6 27. Nf4 Nc5 28.
Qh5+ Kg8 29. Nh6+ Kg7 30. Nxf7 Rxf7 31. Nxg6 Rxf1+ 32. Rxf1 Nf7 33. Rxf7+ Kxf7
34. Ne5+ 1-0

[Event "29th Czech Rapid G1 2018"]
[Site "Pardubice CZE"]
[Date "2018.07.19"]
[Round "4.9"]
[White "Shyam, Sundar M."]
[Black "Sadhwani, Raunak"]
[Result "1-0"]
[WhiteTitle "GM"]
[BlackTitle "FM"]
[WhiteElo "2527"]
[BlackElo "2409"]
[WhiteFideId "5019141"]
[BlackFideId "35093487"]
[EventDate "2018.07.18"]

1. d4 Nf6 2. c4 e6 3. Nc3 Bb4 4. e3 O-O 5. Bd2 c5 6. a3 Bxc3 7. Bxc3 Ne4 8. Rc1
b6 9. Nf3 Bb7 10. Be2 d6 11. b3 Nxc3 12. Rxc3 Qe7 13. O-O Nd7 14. Nd2 Nf6 15.
Bf3 e5 16. Bxb7 Qxb7 17. d5 a6 18. e4 b5 19. Re3 Nd7 20. Qe2 Rab8 21. Rg3 g6 22.
h4 Nb6 23. h5 bxc4 24. Nxc4 Nxc4 25. Qxc4 Qe7 26. Re1 a5 27. Ree3 g5 28. Rxg5+
Qxg5 29. Rg3 Qxg3 30. fxg3 Kg7 31. Qa6 Rfd8 32. Qxa5 Rd7 33. Qd2 h6 34. Qd1 Rdb7
35. Qg4+ Kf8 36. Qf5 Ke7 37. g4 Rg8 38. Qf3 Rgb8 39. Qe3 Rg8 40. Qxh6 Rxg4 41.
Qe3 Rb8 42. b4 Rc8 43. h6 Rgg8 44. h7 Rh8 45. Qg5+ Kd7 46. Qf6 Kc7 47. Qe7+ Kb6
48. Qxd6+ Kb5 49. Qd7+ Kc4 50. bxc5 Kxc5 51. Qxf7 Kd4 52. Qg6 Kd3 53. d6 Rcd8
54. a4 Kd4 55. a5 Kc5 56. a6 Rxd6 57. Qg7 Rdd8 58. Qxe5+ Kb6 59. Qf6+ Ka7 60.
Qg7+ Kxa6 61. g4 Rhf8 62. g5 Kb6 63. Qxf8 Rxf8 64. g6 1-0

[Event "29th Czech Rapid G1 2018"]
[Site "Pardubice CZE"]
[Date "2018.07.19"]
[Round "4.10"]
[White "Bryzgalin, Kirill"]
[Black "Gutman, Gennadi"]
[Result "1/2-1/2"]
[WhiteTitle "GM"]
[BlackTitle "GM"]
[WhiteElo "2424"]
[BlackElo "2476"]
[WhiteFideId "4133285"]
[BlackFideId "14102277"]
[EventDate "2018.07.18"]

1. d4 c5 2. c3 e6 3. Nf3 Nc6 4. a3 Nf6 5. Bf4 Qb6 6. Ra2 a5 7. e3 a4 8. Nbd2 d5
9. Bd3 Nh5 10. Be5 Nxe5 11. Nxe5 Nf6 12. O-O Bd6 13. f4 Bd7 14. Rf3 Bb5 15. Bc2
g6 16. Ra1 Nd7 17. Qe1 f6 18. Nxd7 Bxd7 19. Rb1 O-O 1/2-1/2

[Event "29th Czech Rapid G1 2018"]
[Site "Pardubice CZE"]
[Date "2018.07.19"]
[Round "4.11"]
[White "Skliarov, Viktor"]
[Black "Zilka, Stepan"]
[Result "1/2-1/2"]
[WhiteTitle "IM"]
[BlackTitle "GM"]
[WhiteElo "2357"]
[BlackElo "2517"]
[WhiteFideId "14106736"]
[BlackFideId "315303"]
[EventDate "2018.07.18"]

1. e4 d6 2. d4 Nf6 3. Nc3 e5 4. Nge2 Nc6 5. f3 Be7 6. d5 Nb8 7. Be3 c6 8. Qd2
cxd5 9. exd5 Nbd7 10. g4 e4 11. g5 exf3 12. gxf6 fxe2 13. fxe7 exf1=Q+ 14. Rxf1
Qxe7 15. O-O-O Ne5 16. Bd4 O-O 17. Bxe5 Qxe5 18. Rde1 Qh5 19. Ne4 Bh3 20. Rg1 f6
21. Nxd6 Rad8 22. Qf4 Rd7 23. c4 a6 24. Ne4 Qf5 25. Qh4 Rc7 26. b3 b5 27. c5 Qe5
28. Qxh3 Qa1+ 29. Kc2 Qxa2+ 30. Kc3 b4+ 31. Kc4 Qc2+ 32. Kd4 Qb2+ 33. Kc4 Qc2+
34. Kd4 Qb2+ 35. Kc4 Qc2+ 36. Kd4 Qb2+ 37. Kc4 1/2-1/2

[Event "29th Czech Rapid G1 2018"]
[Site "Pardubice CZE"]
[Date "2018.07.19"]
[Round "4.13"]
[White "Boruchovsky, Avital"]
[Black "Meleshko, Vladimir"]
[Result "0-1"]
[WhiteTitle "GM"]
[BlackTitle "FM"]
[WhiteElo "2558"]
[BlackElo "2268"]
[WhiteFideId "2800055"]
[BlackFideId "14111055"]
[EventDate "2018.07.18"]

1. d4 Nf6 2. Nf3 e6 3. c4 d5 4. Nc3 Be7 5. Bg5 O-O 6. Qc2 c5 7. dxc5 dxc4 8. e3
Na6 9. Bxc4 Nxc5 10. O-O a6 11. Rfd1 Qe8 12. a4 b6 13. Bxf6 Bxf6 14. b4 Bxc3 15.
Qxc3 Nxa4 16. Qd4 Bb7 17. Ne5 Rd8 18. Qxd8 Qxd8 19. Rxd8 Rxd8 20. Rxa4 b5 21.
Ra1 bxc4 22. Nxc4 Kf8 23. f3 Bd5 24. Nb6 Bb7 25. Rc1 Rd6 26. Na4 Bc6 27. Nc5 Bb5
28. Ne4 Rd3 29. Kf2 f5 30. Rc8+ Ke7 31. Nc5 Rd2+ 32. Kg3 Bf1 33. Rc6 g5 34. Rc7+
Ke8 35. Rc8+ Ke7 36. Rc7+ Ke8 37. Rc8+ Kf7 38. Rc7+ Kg6 0-1

[Event "29th Czech Rapid G1 2018"]
[Site "Pardubice CZE"]
[Date "2018.07.19"]
[Round "4.14"]
[White "Stocek, Jiri"]
[Black "Chekletsov, Ilya"]
[Result "1-0"]
[WhiteTitle "GM"]
[BlackTitle "IM"]
[WhiteElo "2586"]
[BlackElo "2395"]
[WhiteFideId "304760"]
[BlackFideId "24177156"]
[EventDate "2018.07.18"]

1. Nf3 Nf6 2. c4 e6 3. b3 b6 4. Bb2 Bb7 5. g3 g6 6. Bg2 Bg7 7. O-O O-O 8. d4 d6
9. Qc2 Nbd7 10. Re1 Re8 11. Nc3 e5 12. Nxe5 Bxg2 13. Nxd7 Nxd7 14. Kxg2 Bxd4 15.
Rad1 Bg7 16. e4 a5 17. f4 Rc8 18. Re2 Qe7 19. a3 Qf8 20. b4 axb4 21. axb4 Nf6
22. h3 h5 23. Rde1 Kh7 24. Qd3 Rcd8 25. Qf3 Rc8 26. g4 hxg4 27. hxg4 Kg8 28. Rh1
c6 29. Qh3 Qe7 30. b5 Qd7 31. bxc6 Qxg4+ 32. Qxg4 Nxg4 33. Kf3 f5 34. exf5 Rxe2
35. Nxe2 Bxb2 36. Kxg4 gxf5+ 37. Kxf5 Rxc6 38. Rb1 Bg7 39. Rb4 Kf7 40. Ke4 Ke6
41. f5+ Kd7 42. Nf4 Bc3 43. Ra4 Rc5 44. Nd5 Ba5 45. Kd4 Ke8 46. Ra2 Kf7 47. Rb2
Kf8 48. Ra2 Kf7 49. f6 Kf8 50. Rh2 b5 51. Rh8+ Kf7 52. Rh7+ Kf8 53. cxb5 Rxb5
54. Rd7 Rb1 55. Nf4 Rf1 56. Ne6+ Kg8 57. Rg7+ Kh8 58. f7 Bb6+ 59. Kd5 Rf5+ 60.
Kc6 1-0

[Event "29th Czech Rapid G1 2018"]
[Site "Pardubice CZE"]
[Date "2018.07.19"]
[Round "4.15"]
[White "Belyakov, Bogdan"]
[Black "Vusatiuk, Vladimir"]
[Result "1-0"]
[WhiteTitle "IM"]
[BlackTitle "IM"]
[WhiteElo "2489"]
[BlackElo "2321"]
[WhiteFideId "24104795"]
[BlackFideId "14118610"]
[EventDate "2018.07.18"]

1. e4 e6 2. d4 d5 3. Bd3 c5 4. exd5 exd5 5. dxc5 Bxc5 6. Nf3 Nf6 7. O-O O-O 8.
Nc3 h6 9. Bf4 Nc6 10. h3 a6 11. Re1 Qb6 12. Qd2 Qxb2 13. Rab1 Qa3 14. Bxh6 Nh7
15. Nxd5 f5 16. Bc4 Kh8 17. Bf4 b5 18. Bf1 Bb7 19. Nh4 Rfd8 20. Ng6+ Kg8 21. c4
Nf8 22. Rb3 Nxg6 23. Rxa3 Bxa3 24. Bc7 Bb4 25. Qg5 Bxe1 26. Bxd8 Rxd8 27. Qxg6
Rf8 28. cxb5 axb5 29. Bxb5 1-0

[Event "29th Czech Rapid G1 2018"]
[Site "Pardubice CZE"]
[Date "2018.07.19"]
[Round "4.16"]
[White "Mirzoev, Emil"]
[Black "Semjonovs, Ilja"]
[Result "1-0"]
[WhiteTitle "IM"]
[WhiteElo "2412"]
[BlackElo "2219"]
[WhiteFideId "14108640"]
[BlackFideId "11604263"]
[EventDate "2018.07.18"]

1. d4 Nf6 2. c4 c5 3. d5 b5 4. cxb5 a6 5. f3 e6 6. e4 exd5 7. e5 Qe7 8. Qe2 Ng8
9. Nc3 Bb7 10. Nh3 d6 11. Nf4 dxe5 12. Nfxd5 Qd6 13. Bf4 f6 14. O-O-O Ne7 15.
Ne3 Qe6 16. Bg3 Nd7 17. Qd2 Nb6 18. bxa6 Bxa6 19. Nb5 Bxb5 20. Bxb5+ Kf7 21. a3
g6 22. f4 Bh6 23. Rhf1 Rhd8 24. Qe2 exf4 25. Bxf4 Rxd1+ 26. Nxd1 Bxf4+ 27. Rxf4
Qxe2 28. Bxe2 Rd8 29. Rh4 Kg7 30. Rh3 Nf5 31. Rc3 Nd4 32. Bf1 Na4 33. Re3 Rd7
34. Nc3 Nxc3 35. Rxc3 Re7 36. Kd1 Rb7 37. Kc1 Re7 38. Ba6 Ne2+ 39. Bxe2 Rxe2 40.
Rxc5 Rxg2 41. a4 Rxh2 42. a5 Rh4 43. b3 Rb4 44. Kb2 h5 45. a6 Rb8 46. a7 Ra8 47.
Rc7+ Kh6 48. b4 1-0

[Event "29th Czech Rapid G1 2018"]
[Site "Pardubice CZE"]
[Date "2018.07.19"]
[Round "4.17"]
[White "Mirzoeva, Elmira"]
[Black "Manik, Mikulas"]
[Result "1/2-1/2"]
[WhiteTitle "WGM"]
[BlackTitle "GM"]
[WhiteElo "2249"]
[BlackElo "2400"]
[WhiteFideId "4127951"]
[BlackFideId "14900734"]
[EventDate "2018.07.18"]

1. d4 Nf6 2. Bf4 g6 3. e3 c5 4. c3 Qb6 5. Qb3 d6 6. Nd2 Bg7 7. Ngf3 O-O 8. h3
Be6 9. Bc4 Bxc4 10. Nxc4 Qa6 11. a4 Nd5 12. Bg3 Nb6 13. Nfd2 Nxc4 14. Qxc4 Qb6
15. Qb5 cxd4 16. exd4 Qc7 17. O-O a6 18. Qc4 Qb6 19. Qb3 Nd7 20. Rfe1 Rfe8 21.
Qa2 e5 22. Nc4 Qc7 23. dxe5 dxe5 24. Rad1 Re6 25. a5 Rae8 26. Re2 h5 27. Red2
Nf6 28. Nb6 Qc5 29. Nd7 Qc6 30. Nxf6+ Bxf6 31. Qd5 Qc7 32. f3 Bg5 33. Rd3 Bf4
34. Bf2 e4 35. fxe4 Rxe4 36. Rf3 Be3 37. Bxe3 Rxe3 38. Rxe3 Rxe3 39. Qd8+ Qxd8
40. Rxd8+ Kg7 41. Rd7 Re5 42. b4 Re3 43. Rxb7 Rxc3 44. Rb6 Rb3 45. Kf2 h4 46.
Ke2 g5 47. Kf2 f6 48. Rxa6 Rxb4 49. Ra8 Kg6 50. a6 Ra4 51. Ke2 Kf5 52. a7 Kf4
53. Rf8 Rxa7 54. Rxf6+ Kg3 55. Rf5 Ra2+ 56. Kf1 Ra1+ 57. Ke2 g4 58. hxg4 Kxg2
59. g5 Ra2+ 60. Ke3 Ra3+ 61. Kf4 h3 62. g6 Ra4+ 63. Ke3 Rg4 64. Rf2+ Kg3 65.
Rf3+ Kh4 66. Rf4 Rxf4 67. Kxf4 h2 68. g7 1/2-1/2

[Event "29th Czech Rapid G1 2018"]
[Site "Pardubice CZE"]
[Date "2018.07.19"]
[Round "4.19"]
[White "Harsha, Bharathakoti"]
[Black "Zpevak, Pavel"]
[Result "1/2-1/2"]
[WhiteTitle "IM"]
[BlackTitle "IM"]
[WhiteElo "2465"]
[BlackElo "2330"]
[WhiteFideId "5078776"]
[BlackFideId "300586"]
[EventDate "2018.07.18"]

1. e4 c5 2. Nf3 e6 3. g3 Nc6 4. Bg2 Nf6 5. Qe2 d6 6. O-O Be7 7. c3 e5 8. d3 O-O
9. Na3 Re8 10. Bg5 h6 11. Bxf6 Bxf6 12. Nc4 g6 13. Ne3 Bg7 14. Nd2 b5 15. a4 b4
16. Ndc4 Rb8 17. Qc2 Na5 18. Nxa5 Qxa5 19. h4 Be6 20. h5 bxc3 21. bxc3 Rb3 22.
hxg6 fxg6 23. Rfc1 Reb8 24. Nc4 Qa6 25. Bf1 Kh7 26. Qd1 Bf6 27. Be2 Bg5 28. Rcb1
Rxb1 29. Rxb1 Rxb1 30. Qxb1 Qxa4 31. Nxd6 Qb3 32. Qa1 Qb6 33. Nc4 Bxc4 34. dxc4
h5 35. Kg2 Bd2 36. Bd3 Kh6 37. Bc2 a6 38. Kf1 Qf6 39. Ke2 Bg5 40. Qa5 Qd6 41.
Bd3 h4 42. gxh4 Bxh4 43. Qa1 Qf6 44. Qc1+ Bg5 45. Qh1+ Kg7 46. Qh3 Qf4 47. Qd7+
Kh6 48. Qh3+ Bh4 49. Qe3 Qxe3+ 50. Kxe3 a5 51. Bc2 Kg5 52. Ba4 Kf6 53. Bb5 Bg5+
54. Ke2 Bc1 55. Kd1 Bg5 56. Be8 Bh4 57. Ke2 Kg5 58. Kf3 Kf6 59. Ke2 Bg5 60. Kf3
Bd2 61. Kg4 Bxc3 62. f3 Be1 63. Ba4 1/2-1/2

[Event "29th Czech Rapid G1 2018"]
[Site "Pardubice CZE"]
[Date "2018.07.19"]
[Round "4.21"]
[White "Bogdanov, Egor"]
[Black "Mosesov, Danylo"]
[Result "1/2-1/2"]
[WhiteTitle "IM"]
[BlackTitle "FM"]
[WhiteElo "2328"]
[BlackElo "2282"]
[WhiteFideId "14119137"]
[BlackFideId "14149494"]
[EventDate "2018.07.18"]

1. e4 c5 2. Nf3 e6 3. c3 d5 4. exd5 Qxd5 5. d4 Nc6 6. Bd3 Nf6 7. O-O cxd4 8.
cxd4 Be7 9. Nc3 Qd6 10. Nb5 Qd8 11. Ne5 O-O 12. Nxc6 bxc6 13. Nc3 c5 14. dxc5
Bxc5 15. Bg5 h6 16. Bh4 Be7 17. Qf3 Rb8 18. Rfd1 Qa5 19. Ne4 Nd5 20. Bxe7 Nxe7
21. b3 Bb7 22. Qg3 Kh8 23. Nd6 Kg8 24. Nxb7 Rxb7 25. Qd6 Nf5 26. Qf4 Rb4 27. Qd2
Qb6 28. Bxf5 exf5 29. Rac1 Rg4 30. Qd6 Qa5 31. Re1 Re4 32. Rxe4 fxe4 33. a4 Re8
34. Qd4 a6 35. h3 Qf5 36. Re1 a5 37. f3 Rb8 38. Qxe4 Qxe4 39. Rxe4 Rxb3 40. Re5
Ra3 41. Rxa5 Ra2 42. h4 g6 43. Kh2 Kg7 44. Ra7 Kf6 45. a5 Ke6 46. a6 Kf6 47. Kg3
Ke6 48. Ra8 Kf6 49. Kh3 h5 50. Kg3 Kf5 51. Ra7 Kf6 52. Kh3 Ra3 53. Kh2 Ra4 54.
Kg3 Ra2 55. f4 Ra3+ 56. Kf2 Ke6 57. Ke2 f6 58. Ra8 Kf5 59. Kd2 Kxf4 60. Kc2 Kg4
61. Kb2 Ra5 62. Kc3 Kxh4 63. Kb4 Ra2 64. Kb5 Rxg2 65. Rd8 Rb2+ 66. Kc6 Ra2 67.
Kb6 g5 68. Rf8 g4 69. Rxf6 Kh3 70. Rf5 h4 71. Ra5 Rxa5 72. Kxa5 g3 73. a7 g2 74.
a8=Q g1=Q 75. Qf3+ Qg3 76. Qh1+ Kg4 77. Qe4+ Qf4 78. Qg2+ Kf5 79. Ka6 Qd6+ 80.
Ka7 Qa3+ 81. Kb7 Qe7+ 82. Ka6 Qe6+ 83. Ka7 Qe3+ 84. Ka6 h3 85. Qd5+ Kg4 86. Qd7+
Kg3 87. Qd6+ Kg2 88. Qd5+ Qf3 89. Qd2+ Kf1 90. Qc1+ Kf2 91. Qc5+ Qe3 92. Qf5+
Ke1 93. Qb1+ Ke2 94. Qc2+ Kf1 95. Qf5+ Kg2 96. Qg6+ Qg3 97. Qc2+ Qf2 98. Qg6+
Kh1 99. Qe4+ Qg2 100. Qe1+ Kh2 101. Qe5+ Kg1 102. Qe3+ Kf1 103. Qc1+ Ke2 104.
Qc2+ Ke3 105. Qc3+ Ke4 106. Qc4+ Ke5 107. Qc7+ Kf5 108. Qf7+ Kg4 109. Qg6+ Kf4
110. Qf6+ Ke3 111. Qc3+ Kf2 112. Qd2+ Kf3 113. Qd5+ Kg3 114. Qe5+ Kf2 115. Qd4+
Ke1 116. Qc3+ Kf1 117. Qc1+ Kf2 1/2-1/2

[Event "29th Czech Rapid G1 2018"]
[Site "Pardubice CZE"]
[Date "2018.07.19"]
[Round "4.30"]
[White "Mojzis, Jaroslav"]
[Black "Lalic, Bogdan"]
[Result "0-1"]
[WhiteTitle "FM"]
[BlackTitle "GM"]
[WhiteElo "2099"]
[BlackElo "2394"]
[WhiteFideId "302325"]
[BlackFideId "409081"]
[EventDate "2018.07.18"]

1. Nf3 c5 2. g3 Nc6 3. Bg2 g6 4. O-O Bg7 5. c4 e5 6. Nc3 Nge7 7. d3 d6 8. Bd2
O-O 9. a3 a5 10. Rb1 h6 11. Ne1 Be6 12. Nc2 d5 13. cxd5 Nxd5 14. Ne3 Nde7 15.
Qc1 Rb8 16. Nc4 b5 17. Ne3 Nd4 18. b4 cxb4 19. axb4 Rc8 20. Re1 a4 21. Qb2 f5
22. Nc2 Nb3 23. Na3 e4 24. Naxb5 Qd7 25. Red1 exd3 26. exd3 Nd5 27. Bxd5 Bxd5
28. Be1 f4 29. Qe2 0-1

[Event "29th Czech Rapid G1 2018"]
[Site "Pardubice CZE"]
[Date "2018.07.19"]
[Round "4.31"]
[White "Zlatin, Alexander"]
[Black "Mozharov, Mikhail"]
[Result "1/2-1/2"]
[BlackTitle "GM"]
[WhiteElo "2200"]
[BlackElo "2542"]
[WhiteFideId "2810549"]
[BlackFideId "4189825"]
[EventDate "2018.07.18"]

1. e4 c5 2. c3 Nf6 3. e5 Nd5 4. d4 cxd4 5. Nf3 Nc6 6. cxd4 d6 7. Bc4 dxe5 8.
Bxd5 Qxd5 9. Nc3 Qd6 10. d5 Nd4 11. Nxd4 exd4 12. Qxd4 e5 13. Qd3 Bd7 14. O-O
Be7 15. f4 O-O 16. fxe5 Qxe5 17. Bf4 Bc5+ 18. Kh1 Qd4 19. Qg3 f6 20. Bd6 Bxd6
21. Qxd6 Rad8 22. Rad1 Qc4 23. Rf4 Qc8 24. Qb4 Rfe8 25. Kg1 Re5 26. Re4 Rxe4 27.
Qxe4 Qc5+ 28. Qd4 Qxd4+ 29. Rxd4 Rc8 30. Kf2 Kf7 31. h3 Ke7 32. Ke3 a6 33. a3
Kd6 34. Rd2 f5 35. Kd4 b5 36. b3 a5 37. Rc2 Rc7 38. a4 bxa4 39. bxa4 Rb7 40.
Nb5+ Bxb5 41. axb5 Rxb5 42. Rc6+ Kd7 43. Ra6 Rb2 44. Ra7+ Kd6 45. Ra6+ Ke7 46.
Ke5 Re2+ 47. Kxf5 Rxg2 48. Rxa5 Kd6 49. Kf4 Rf2+ 50. Kg4 Rd2 51. Ra7 Rg2+ 52.
Kf3 Rg1 53. Ra5 Ke5 54. Kf2 Rg6 55. Rb5 h6 56. d6+ Ke6 57. Rb6 Kd7 58. Rb7+ Kc8
59. Rb6 1/2-1/2

[Event "29th Czech Rapid G1 2018"]
[Site "Pardubice CZE"]
[Date "2018.07.19"]
[Round "4.32"]
[White "Gallego Alcaraz, Andres Felipe"]
[Black "Krouzel, Jaroslav"]
[Result "1-0"]
[WhiteTitle "IM"]
[BlackTitle "FM"]
[WhiteElo "2504"]
[BlackElo "2079"]
[WhiteFideId "4402669"]
[BlackFideId "301566"]
[EventDate "2018.07.18"]

1. d4 f5 2. Nf3 Nf6 3. g3 d6 4. Bg2 g6 5. O-O Bg7 6. b3 O-O 7. Bb2 Ne4 8. Nfd2
Nxd2 9. Nxd2 Nd7 10. Nc4 Nb6 11. Na5 c6 12. Qd2 Qc7 13. c4 Bd7 14. Rac1 Rad8 15.
b4 Bc8 16. d5 Bxb2 17. Qxb2 cxd5 18. cxd5 Qd7 19. Rc2 Qb5 20. Qd4 Nd7 21. Rfc1
Qb6 22. Qd2 Ne5 23. Rc7 Rfe8 24. a3 Qa6 25. R1c3 b6 26. Nc6 Nxc6 27. dxc6 Be6
28. Bd5 Bxd5 29. Qxd5+ Kf8 30. b5 Qa4 31. Re3 1-0

[Event "29th Czech Rapid G1 2018"]
[Site "Pardubice CZE"]
[Date "2018.07.19"]
[Round "4.44"]
[White "Zdrazil, Jan"]
[Black "Buchcar, Tomas"]
[Result "1/2-1/2"]
[WhiteElo "1953"]
[BlackElo "2133"]
[WhiteFideId "334537"]
[BlackFideId "328421"]
[EventDate "2018.07.18"]

1. e4 c5 2. Nf3 e6 3. d4 cxd4 4. Nxd4 a6 5. Nc3 b5 6. g3 Bb7 7. Bg2 Qc7 8. O-O
d6 9. Re1 Nf6 10. a4 b4 11. Nd5 exd5 12. exd5+ Kd8 13. Bg5 Nd7 14. Nc6+ Bxc6 15.
dxc6 Nc5 16. Qd5 Ne6 17. Bxf6+ gxf6 18. Rad1 Be7 19. f4 Rf8 20. Qh5 Rc8 21. Qxh7
Qb6+ 22. Kh1 Rxc6 23. Bxc6 Qxc6+ 24. Qe4 Qxe4+ 25. Rxe4 a5 26. Rd5 Nc5 27. Rc4
Kc7 28. b3 Kc6 29. Rf5 Rd8 30. h4 d5 31. Rd4 Ne4 32. Kg2 Bc5 33. Rd3 Bf2 34. h5
Rg8 35. h6 Rh8 36. Rh5 Bc5 37. Rdxd5 Bb6 1/2-1/2

[Event "29th Czech Rapid G1 2018"]
[Site "Pardubice CZE"]
[Date "2018.07.19"]
[Round "4.47"]
[White "Hajek, Jiri3"]
[Black "Turner, Jan"]
[Result "1/2-1/2"]
[WhiteElo "2081"]
[BlackElo "2348"]
[WhiteFideId "317888"]
[BlackFideId "308560"]
[EventDate "2018.07.18"]

1. e4 Nc6 2. Nc3 Nf6 3. d4 d6 4. d5 Nb8 5. Nf3 g6 6. Bg5 Bg7 7. Be2 c6 8. dxc6
Nxc6 9. e5 dxe5 10. Qxd8+ Nxd8 11. Nxe5 O-O 12. O-O-O Ne6 13. Be3 a6 14. Bf3 Rb8
15. Bb6 Ng5 16. Be2 Nge4 17. Nxe4 Nxe4 18. Nd7 Bxd7 19. Rxd7 Nf6 20. Rd3 Rbc8
21. a4 e6 22. Bf3 e5 23. Rd6 e4 24. Be2 Bh6+ 25. Kb1 Bf4 26. Rxf6 Be5 27. Bg4
Rc4 28. b3 Rc3 29. Ba5 Bxf6 30. Bxc3 Bxc3 31. Rd1 b5 32. Bd7 Rd8 33. Rd5 bxa4
34. Bc6 Rc8 35. Bxa4 f5 36. Rd7 Be1 37. b4 Bxb4 38. Bb3+ Kh8 39. Kc1 a5 40. Kd1
f4 41. Ke2 a4 42. Bxa4 Ra8 43. Bb3 Ra1 44. c3 Bxc3 45. Rd1 Ra7 46. g3 Ra3 47.
Bd5 f3+ 48. Ke3 Be1+ 49. Kxe4 Bxf2 50. Rd3 Rxd3 51. Kxd3 Bg1 52. Bxf3 Bxh2 53.
g4 Bf4 54. Ke4 Bc1 55. Be2 Kg7 56. Kf3 Kf6 57. Kg3 Kg5 58. Kh3 Kf4 59. Bd1 Bd2
60. Be2 Be1 61. Bd1 1/2-1/2

[Event "29th Czech Rapid G1 2018"]
[Site "Pardubice CZE"]
[Date "2018.07.19"]
[Round "4.48"]
[White "Haase, Pavel"]
[Black "Maltsevskaya, Aleksandra"]
[Result "0-1"]
[WhiteTitle "CM"]
[WhiteElo "1994"]
[BlackElo "2261"]
[WhiteFideId "360392"]
[BlackFideId "24174041"]
[EventDate "2018.07.18"]

1. c4 Nf6 2. Nc3 g6 3. d4 Bg7 4. e4 d6 5. Nf3 O-O 6. Be2 e5 7. O-O Nc6 8. d5 Ne7
9. Be3 Ng4 10. Bd2 f5 11. Ng5 Nf6 12. f3 c6 13. Be3 Ne8 14. c5 h6 15. cxd6 Qxd6
16. Nh3 f4 17. Bf2 Nf6 18. Bc4 Kh7 19. Qb3 cxd5 20. exd5 a6 21. a4 Bxh3 22. gxh3
Qd7 23. Kg2 e4 24. Nxe4 Nxe4 25. fxe4 f3+ 26. Kh1 b5 27. axb5 axb5 28. Rxa8 Rxa8
29. Qxf3 bxc4 30. Bc5 Rf8 31. Qg2 Rxf1+ 32. Qxf1 Nxd5 33. Qxc4 Nf4 34. Qf1 g5
35. b4 Qe6 36. Qf3 Qc4 37. Kg1 Qc1+ 38. Kf2 Qd2+ 39. Kg3 Be5 40. Kg4 Kg6 41. Qf2
h5+ 42. Kf3 Qd1+ 43. Ke3 Qd3# 0-1

[Event "29th Czech Rapid G1 2018"]
[Site "Pardubice CZE"]
[Date "2018.07.19"]
[Round "4.49"]
[White "Rosko, Lubos"]
[Black "Joukl, Zdenek"]
[Result "1/2-1/2"]
[WhiteTitle "FM"]
[WhiteElo "2279"]
[BlackElo "2029"]
[WhiteFideId "321192"]
[BlackFideId "304247"]
[EventDate "2018.07.18"]

1. e4 d6 2. d4 Nf6 3. Nc3 Nbd7 4. f4 c6 5. e5 Nd5 6. Nf3 Nxc3 7. bxc3 Nb6 8. Bd3
g6 9. O-O Bg7 10. a4 a5 11. exd6 Qxd6 12. Ba3 Qf6 13. Ne5 O-O 14. Bc5 Nd5 15.
Qd2 b6 16. Ba3 Bf5 17. c4 Bxd3 18. cxd3 Nc7 19. Bb2 Qd6 20. Kh1 Ne6 21. Ba3 c5
22. d5 Nxf4 1/2-1/2

[Event "29th Czech Rapid G1 2018"]
[Site "Pardubice CZE"]
[Date "2018.07.19"]
[Round "4.51"]
[White "Balazec, Ludovit"]
[Black "Lushnikov, Evgeny"]
[Result "0-1"]
[WhiteElo "1991"]
[BlackElo "2136"]
[WhiteFideId "318078"]
[BlackFideId "24146269"]
[EventDate "2018.07.18"]

1. e4 c5 2. Nc3 Nc6 3. Nge2 e5 4. Nd5 d6 5. Nec3 g6 6. Bc4 Be6 7. O-O Bg7 8. d3
h6 9. a4 Nge7 10. f4 Nd4 11. fxe5 dxe5 12. Nxe7 Qxe7 13. Nd5 Bxd5 14. Bxd5 O-O
15. c3 Ne6 16. Be3 Rac8 17. Qd2 Kh7 18. Rf3 f5 19. exf5 Rxf5 20. Raf1 Rxf3 21.
Rxf3 Rf8 22. Bxe6 Rxf3 23. gxf3 Qxe6 24. Bxc5 Qc6 25. Qf2 b6 26. Be3 Qxa4 27.
Kg2 Kg8 28. Qd2 Qh4 29. Qf2 Qe7 30. Qd2 Kh7 31. Qc2 b5 32. Qb3 a6 33. Qc2 Qd6
34. Qd2 a5 35. Qe2 Qd5 36. Qd2 g5 37. h3 Bf6 38. Qc2 Kg7 39. c4 Qc6 40. b3 a4
41. c5 a3 42. b4 Qd5 43. c6 a2 44. c7 0-1

[Event "29th Czech Rapid G1 2018"]
[Site "Pardubice CZE"]
[Date "2018.07.19"]
[Round "4.52"]
[White "Balint, Vilmos"]
[Black "Zdrazil, Tomas"]
[Result "1/2-1/2"]
[WhiteElo "2220"]
[BlackElo "2065"]
[WhiteFideId "718050"]
[BlackFideId "325368"]
[EventDate "2018.07.18"]

1. Nf3 Nf6 2. g3 g6 3. Bg2 Bg7 4. O-O O-O 5. c4 c6 6. d4 d5 7. cxd5 cxd5 8. Ne5
Nbd7 9. Nc3 Nb6 10. b3 Be6 11. Ba3 Nfd7 12. Nf3 Nf6 13. Rc1 Rc8 14. Ne5 Nfd7 15.
f4 Nxe5 16. fxe5 Bh6 17. Rc2 Bf5 18. e4 dxe4 19. Bxe4 Bxe4 20. Nxe4 Rxc2 21.
Qxc2 Qxd4+ 22. Kg2 Qxe5 23. Bb2 Qd5 24. Rd1 Qc6 25. Qxc6 bxc6 26. a4 Nd5 27. Kf3
Bg7 28. Ba3 Rb8 29. Rd3 f5 30. Nc5 e5 31. Rd1 e4+ 32. Kf2 a5 33. g4 Re8 34. gxf5
gxf5 35. Nb7 Rb8 36. Nxa5 f4 37. Bd6 Re8 38. Nxc6 Nc3 39. Rc1 e3+ 40. Kf3 e2 41.
Ne7+ Kf7 42. a5 Rxe7 43. Bxe7 Kxe7 44. a6 Bd4 45. b4 Kd6 46. b5 Be3 47. Ra1 Nxb5
48. Kxe2 Kc6 49. Kf3 Kb6 50. Rd1 Kxa6 51. Rd7 h6 52. Rh7 Nd4+ 53. Ke4 Kb5 54.
Rxh6 Kc4 55. Rh8 Ne6 56. Rc8+ Nc5+ 57. Kf3 Kd4 58. h4 Ke5 59. h5 Kf5 60. Rg8 Ne6
61. h6 Nd4+ 62. Kg2 f3+ 63. Kg3 Bxh6 64. Rd8 Bf4+ 65. Kf2 Ne6 66. Ra8 Kg4 67.
Rg8+ Ng5 68. Rg7 Bg3+ 69. Ke3 f2 70. Ke2 Kf4 71. Rg8 Nh3 72. Rf8+ Ke4 73. Re8+
Kf4 74. Rf8+ Kg4 75. Rg8+ Ng5 76. Kf1 Bh4 77. Kg2 Kf4 78. Rf8+ Ke3 79. Re8+ Ne4
80. Re6 Bg3 81. Re8 Bh4 82. Re6 Kd3 83. Re5 Kd4 84. Rf5 Bg3 85. Rf8 Ke3 86. Re8
Kd3 87. Rd8+ Ke3 1/2-1/2